Sidney Sheldon's Angel of the dark/ (Record no. 54788)

000 -LEADER
fixed length control field 00384nam a22001577a 4500
020 ## - INTERNATIONAL STANDARD BOOK NUMBER
ISBN 9780007490622
082 ## - DEWEY DECIMAL CLASSIFICATION NUMBER
Classification number 823
Item number TIL/S
100 ## - MAIN ENTRY--AUTHOR NAME
Personal name Tilly Bagshawe
245 ## - TITLE STATEMENT
Title Sidney Sheldon's Angel of the dark/
Statement of responsibility, etc Tilly Bagshawe
260 ## - PUBLICATION, DISTRIBUTION, ETC. (IMPRINT)
Place of publication London:
Name of publisher Harper,
Year of publication 2012.
300 ## - PHYSICAL DESCRIPTION
Number of Pages 389p.
650 ## - SUBJECT ADDED ENTRY--TOPICAL TERM
Topical Term Novel English
650 ## - SUBJECT ADDED ENTRY--TOPICAL TERM
Topical Term Literature English
650 ## - SUBJECT ADDED ENTRY--TOPICAL TERM
Topical Term Literature
942 ## - ADDED ENTRY ELEMENTS (KOHA)
Koha item type Book
Holdings
Withdrawn status Lost status Damaged status Not for loan Permanent Location Current Location Shelving location Date acquired Cost, normal purchase price Full call number Accession Number Price effective from Koha item type
        Sree Sankaracharya University of Sanskrit Sree Sankaracharya University of Sanskrit Stacks 24.07.2015 299.00 823 TIL/S 077581 24.07.2015 Book